| Tag |
First Indicator |
Second Indicator |
Subfields |
| LEADER |
00000cam a2200000Ia 4500 |
| 001 |
in00001761806 |
| 005 |
20151025051400.0 |
| 008 |
020509s2002 is ab b 001 0 eng d |
| 020 |
|
|
|a 965903654X
|
| 035 |
|
|
|a (OCoLC)ocm49751621
|
| 040 |
|
|
|a LCI
|c LCI
|d TXA
|d UtOrBLW
|
| 049 |
|
|
|a TXAM
|
| 090 |
|
|
|a HV6431
|b .S466 2002
|
| 100 |
1 |
|
|a Shay, Shaul.
|
| 245 |
1 |
4 |
|a The endless Jihad :
|b the Mujahidin, the Taliban and Bin Laden /
|c Shaul Shay.
|
| 264 |
|
1 |
|a Herzliya, Israel :
|b International Policy Institute for Counter-Terrorism, Interdisiplinary Center Herzliya,
|c [2002]
|
| 264 |
|
4 |
|c ©2002
|
| 300 |
|
|
|a 176 pages :
|b illustrations, 1 map ;
|c 24 cm.
|
| 336 |
|
|
|a text
|b txt
|2 rdacontent
|
| 337 |
|
|
|a unmediated
|b n
|2 rdamedia
|
| 338 |
|
|
|a volume
|b nc
|2 rdacarrier
|
| 504 |
|
|
|a Includes bibliographical references (pages 150-164) and index.
|
| 505 |
0 |
|
|a Islamic fundamentalism-background -- Afghanistan-the ethnic structure -- Historical background-milestones in the formation of Afghanistan -- The role of Mohammed Daoud -- The Soviet invasion and the Karmal government -- The government of Najib (Najibullah) -- The fall of Najibullah's regime and the rise of the Mujahidin -- Afghanistan-Islamic opposition and the Mujahidin movements -- The Afghan Mujahidin movements -- Leaders of the Mujahidin movements in Afghanistan -- Military leadership of the Mujahidin -- The Mujahidin regime of Rabbani -- The Taliban movement-roots and ideology -- The Taliban and the road to power -- Milestones on the Taliban's road to power -- The Taliban regime-main characteristics -- The Anti-Taliban Coalition-the Northern Alliance -- Internal power struggles among the Uzbekis -- Involvement of outside agents in the Civil War in Afghanistan -- Pakistan-Afghanistan (Taliban) relations -- Iran-Afghanstan (Taliban) relations-- Diplomatic moves to resolve the conflict in Afghanistan 1993-2000 -- "Afghan terror" in the international arena as a reflectin of cultural conflict -- International terror-theoretical background -- "Cultural terror" -- Destruction of the statues of Buddha at Bamian-Afghanistan-2001 -- Afghan terror in the international arena.
|
| 600 |
1 |
0 |
|a Bin Laden, Osama,
|d 1957-2011.
|
| 610 |
2 |
0 |
|a Taliban.
|
| 650 |
|
0 |
|a Terrorism
|x Religious aspects
|x Islam.
|
| 650 |
|
0 |
|a Islamic fundamentalism.
|
| 650 |
|
0 |
|a Islam and politics.
|
| 650 |
|
0 |
|a Jihad.
|
| 651 |
|
0 |
|a Afghanistan
|x History
|y 1989-2001.
|
| 948 |
|
|
|a cataloged
|b h
|c 2003/4/28
|d c
|e jgreene
|f 4:17:03 pm
|
| 994 |
|
|
|a E0
|b TXA
|
| 999 |
|
|
|a MARS
|
| 999 |
f |
f |
|s aeb8b8e6-0eb1-3f71-8e91-8b5723f16755
|i 30662989-635a-3eb2-b8df-c1fa64694a02
|t 0
|
| 952 |
f |
f |
|p normal
|a Texas A&M University
|b College Station
|c Sterling C. Evans Library
|d Evans: Library Stacks
|t 0
|e HV6431 .S466 2002
|h Library of Congress classification
|i unmediated -- volume
|m A14830076452
|
| 998 |
f |
f |
|a HV6431 .S466 2002
|t 0
|l Evans: Library Stacks
|